[Event "London Chess Classic FIDE Open"]
[Site "London ENG"]
[Date "2010.12.08"]
[Round "1"]
[White "Andersen, Mads"]
[Black "Phillips, Owen S"]
[Result "1-0"]
[WhiteTitle "FM"]
[WhiteElo "2382"]
[BlackElo "1996"]
[WhiteFideId "1413864"]
[BlackFideId "417882"]
[EventDate "2010.12.08"]

1. e4 e6 2. d4 d5 3. Nc3 Bb4 4. e5 Ne7 5. a3 Bxc3+ 6. bxc3 c5 7. Qg4 Qc7 8. Qxg7
Rg8 9. Qxh7 cxd4 10. Ne2 dxc3 11. f4 Nbc6 12. Qd3 d4 13. Rb1 Bd7 14. h3 O-O-O
15. g4 Be8 16. Bg2 Nd5 17. O-O Rh8 18. Nxd4 Nxd4 19. Qxd4 Nb6 20. Qe3 Ba4 21.
Qe2 Nd5 22. Kh2 Qc5 23. Rf3 a6 24. Rg3 Bb5 25. Qe1 Bc6 26. Rb3 Kb8 27. Qe2 Bb5
28. Qe4 Bc6 29. Be3 Nxe3 30. Qxe3 Qxe3 31. Rxe3 Rd2 32. Rg3 Bxg2 33. Rxg2 Rc8
34. h4 Rg8 35. g5 Rh8 36. Rxd2 cxd2 37. Rd3 Rxh4+ 38. Kg3 Rh1 39. Rxd2 Rg1+ 40.
Kf2 Rg4 41. Kf3 Rh4 42. Rd7 Rh3+ 43. Kg2 Rxa3 44. Rxf7 Rc3 45. g6 Rxc2+ 46. Kh3 1-0

[Event "London Chess Classic FIDE Open"]
[Site "London ENG"]
[Date "2010.12.08"]
[Round "1"]
[White "Doran, Chris"]
[Black "Mortazavi, Ali"]
[Result "1-0"]
[BlackTitle "IM"]
[WhiteElo "1988"]
[BlackElo "2372"]
[WhiteFideId "503835"]
[BlackFideId "401323"]
[EventDate "2010.12.08"]

1. e4 c5 2. Nf3 e6 3. Nc3 a6 4. d4 cxd4 5. Nxd4 Qc7 6. Bd3 Nf6 7. O-O Bc5 8. Nb3
Be7 9. f4 d6 10. a4 b6 11. e5 Nfd7 12. exd6 Qxd6 13. Ne4 Qc7 14. f5 exf5 15. Bf4
Qc6 16. Nd4 1-0

[Event "London Chess Classic FIDE Open"]
[Site "London ENG"]
[Date "2010.12.08"]
[Round "1"]
[White "Thorhallsson, Throstur"]
[Black "Calvert, D Ian"]
[Result "1-0"]
[WhiteTitle "GM"]
[WhiteElo "2367"]
[BlackElo "1981"]
[WhiteFideId "2300109"]
[BlackFideId "406368"]
[EventDate "2010.12.08"]

1. e4 d5 2. Nc3 dxe4 3. Nxe4 Nd7 4. Bc4 e6 5. d4 Ngf6 6. Ng5 h6 7. N5f3 a6 8. a4
b6 9. Ne2 Bb7 10. Ng3 Be7 11. O-O O-O 12. Qe2 c5 13. dxc5 Bxc5 14. Bd3 Qc7 15.
Ne4 Nxe4 16. Bxe4 Nf6 17. Bxb7 Qxb7 18. Ne5 Rfd8 19. Nd3 Be7 20. Be3 Nd5 21. Bd2
Rac8 22. Rfc1 b5 23. axb5 axb5 24. Qf3 Ra8 25. Rxa8 Qxa8 26. Qg3 Kf8 27. Qf3 Nf6
28. Qe2 Qe4 29. Kf1 Qxe2+ 30. Kxe2 Ne4 31. Ra1 Nxd2 32. Kxd2 Bf6 33. Ke2 Bd4 34.
Ra5 Rb8 35. c3 Bf6 36. Ra7 Ke8 37. Nb4 Rb6 38. Kd2 Be7 39. Nd3 f6 40. Kc2 g5 41.
g4 Rb8 42. h3 Rd8 43. Rb7 Rd5 44. f3 f5 45. b3 fxg4 46. hxg4 Kf8 47. Nf2 b4 48.
cxb4 Rd4 49. Nd3 Bf6 50. Nc5 1-0

[Event "London Chess Classic FIDE Open"]
[Site "London ENG"]
[Date "2010.12.08"]
[Round "1"]
[White "Larsen, Tor Ketil"]
[Black "Gullaksen, Eirik"]
[Result "0-1"]
[BlackTitle "IM"]
[WhiteElo "1980"]
[BlackElo "2364"]
[WhiteFideId "1508130"]
[BlackFideId "1500945"]
[EventDate "2010.12.08"]

1. e4 c5 2. Nc3 Nc6 3. g3 g6 4. Bg2 Bg7 5. d3 d6 6. Nh3 e6 7. Be3 Nge7 8. Qd2
Nd4 9. f4 Rb8 10. Nd1 e5 11. O-O O-O 12. c3 Ndc6 13. f5 gxf5 14. Bh6 f6 15. Bxg7
Kxg7 16. exf5 Nxf5 17. Ndf2 Be6 18. Ne4 Qe7 19. g4 Nh4 20. g5 f5 21. Ng3 f4 22.
Nh5+ Kh8 23. Qf2 Nxg2 24. Qxg2 Bxh3 25. Qxh3 Rg8 26. Rae1 Rxg5+ 27. Kh1 Qf7 28.
Ng3 Rbg8 29. Ne4 R5g6 30. Qh4 Ne7 31. Rg1 Nf5 32. Qf2 Qxa2 33. c4 Qb3 34. Rxg6
Rxg6 35. Nc3 Qb6 36. Nd5 Qd8 37. b4 b6 38. Ra1 Rg7 39. bxc5 bxc5 40. Qf3 Qg5 41.
Rb1 h5 42. Qe4 Qg6 43. Qf3 Nd4 44. Rb8+ Kh7 45. Nf6+ Kh6 46. Rh8+ Kg5 47. Ne4+
Kh4 48. Rxh5+ Qxh5 49. Qf2+ Rg3 50. Nxg3 Qf3+ 51. Qxf3 Nxf3 52. Nf5+ Kh3 53.
Nxd6 Ne1 54. Ne4 Nxd3 55. Kg1 a5 56. Kf1 f3 57. Nd2 e4 58. Nxe4 Kxh2 59. Nd2 Kg3
60. Kg1 a4 61. Nb1 Kf4 62. Kf1 Ke3 63. Na3 Kd2 64. Kg1 Ke2 0-1

[Event "London Chess Classic FIDE Open"]
[Site "London ENG"]
[Date "2010.12.08"]
[Round "1"]
[White "Stoma, Pawel"]
[Black "Hayward, Alan"]
[Result "1-0"]
[WhiteElo "2351"]
[BlackElo "1979"]
[WhiteFideId "1113569"]
[BlackFideId "415936"]
[EventDate "2010.12.08"]

1. e4 d5 2. exd5 Nf6 3. Bb5+ Nbd7 4. c4 a6 5. Bxd7+ Bxd7 6. Nc3 e6 7. Nf3 exd5
8. cxd5 Bg4 9. O-O Be7 10. d4 O-O 11. h3 Bh5 12. g4 Bg6 13. Qb3 Rb8 14. Ne5 Bd6
15. Bg5 h6 16. Bh4 Qc8 17. Rfe1 h5 18. Bxf6 gxf6 19. Nxg6 fxg6 20. Re6 hxg4 21.
hxg4 Qd7 22. Ne4 Kg7 23. Re1 Rf7 24. Qf3 Rbf8 25. Re3 f5 26. gxf5 Rxf5 27. Qg4
R5f6 28. Nxd6 Rxe6 29. Rxe6 1-0

[Event "London Chess Classic FIDE Open"]
[Site "London ENG"]
[Date "2010.12.08"]
[Round "1"]
[White "Piper, Matthew S"]
[Black "Wernet, Andreas"]
[Result "1-0"]
[WhiteElo "2343"]
[BlackElo "1978"]
[WhiteFideId "401463"]
[BlackFideId "24677787"]
[EventDate "2010.12.08"]

1. e4 e6 2. d4 d5 3. Nd2 c5 4. exd5 exd5 5. Ngf3 Bd6 6. dxc5 Bxc5 7. Nb3 Qb6 8.
Nxc5 Qxc5 9. Be3 Qb4+ 10. Qd2 Nc6 11. Qxb4 Nxb4 12. Nd4 Ne7 13. c3 Nbc6 14. Be2
Bf5 15. Nxf5 Nxf5 16. Bc5 b6 17. Bb5 Kd7 18. O-O-O d4 19. Bxd4 Kc7 20. Bxc6 Kxc6
21. g4 Nxd4 22. Rxd4 Rhe8 23. Rhd1 Re7 24. R1d2 Rae8 25. a4 Re2 26. Rd6+ Kc5 27.
R2d4 Re1+ 28. Kc2 R8e2+ 29. Kd3 1-0

[Event "London Chess Classic FIDE Open"]
[Site "London ENG"]
[Date "2010.12.08"]
[Round "1"]
[White "Costello, Colin A"]
[Black "Crouch, Colin S"]
[Result "0-1"]
[BlackTitle "IM"]
[WhiteElo "1977"]
[BlackElo "2335"]
[WhiteFideId "403580"]
[BlackFideId "400947"]
[EventDate "2010.12.08"]

1. c4 Nf6 2. Nf3 c6 3. g3 d5 4. b3 Bg4 5. Bg2 Nbd7 6. Bb2 e6 7. O-O Bd6 8. d4
Ne4 9. Nbd2 f5 10. Ne5 Nxe5 11. dxe5 Bc5 12. Nxe4 fxe4 13. Qc2 Qe7 14. Rac1 Bb6
15. c5 Bc7 16. f3 exf3 17. exf3 Bf5 18. Qd2 O-O 19. f4 Rad8 20. Bd4 Qf7 21. b4
Qh5 22. Bf3 Bg4 23. Qe2 Bxf3 24. Qxf3 Qf5 25. Qe3 Rd7 26. b5 Bd8 27. bxc6 bxc6
28. Rfe1 g5 29. Rf1 Rdf7 30. Rb1 gxf4 31. gxf4 Kh8 32. Rb8 Bg5 33. Rxf8+ Rxf8
34. Qg3 Bxf4 35. Qe1 Qh3 36. Rf2 Bxh2+ 37. Rxh2 Rg8+ 0-1

[Event "London Chess Classic FIDE Open"]
[Site "London ENG"]
[Date "2010.12.08"]
[Round "1"]
[White "Zhou, Yang-Fan"]
[Black "Phillips, William"]
[Result "1-0"]
[WhiteTitle "FM"]
[WhiteElo "2326"]
[BlackElo "1977"]
[WhiteFideId "468584"]
[BlackFideId "414344"]
[EventDate "2010.12.08"]

1. e4 d6 2. d4 Nf6 3. Nc3 g6 4. Be3 Bg7 5. Qd2 Ng4 6. Bg5 h6 7. Bh4 c6 8. h3 Nf6
9. f4 Qa5 10. Nf3 Be6 11. Bd3 Nbd7 12. f5 gxf5 13. exf5 Bxf5 14. b4 Qxb4 15.
Bxf5 Nd5 16. Nxd5 Qxd2+ 17. Kxd2 cxd5 18. Rhe1 Nf6 19. Rab1 b6 20. a4 e6 21. Bd3
O-O 22. a5 Ne4+ 23. Bxe4 dxe4 24. Rxe4 bxa5 25. Ra1 Rfc8 26. Rxa5 Rc4 27. c3
Rac8 28. Re3 e5 29. Rd5 e4 30. Ne1 Bf8 31. Nc2 Kh7 32. Bg3 Be7 33. Bf4 Bh4 34.
g3 1-0

[Event "London Chess Classic FIDE Open"]
[Site "London ENG"]
[Date "2010.12.08"]
[Round "1"]
[White "Szalontay, Mihaly"]
[Black "Webb, Laurence E"]
[Result "0-1"]
[BlackTitle "FM"]
[WhiteElo "1977"]
[BlackElo "2322"]
[WhiteFideId "746967"]
[BlackFideId "402389"]
[EventDate "2010.12.08"]

1. e4 e6 2. d4 d5 3. Nd2 Nf6 4. e5 Nfd7 5. Bd3 c5 6. c3 b6 7. Ndf3 Ba6 8. Bc2
Nc6 9. Bg5 Qc7 10. Rc1 f6 11. exf6 gxf6 12. Be3 Bd6 13. Ne2 O-O-O 14. a3 Kb8 15.
b4 c4 16. Rb1 Bb7 17. Qd2 e5 18. Kd1 Nf8 19. Nh4 Ne7 20. g3 Nfg6 21. Nxg6 hxg6
22. f4 e4 23. Kc1 Bc8 24. h4 Bg4 25. Ng1 Nf5 26. Qf2 g5 27. Kd2 Rdg8 28. Rf1
gxh4 29. gxh4 Bh5 30. Rh3 Rg7 31. Bd1 Rhg8 32. Kc1 Rg2 33. Qe1 Bxd1 34. Kxd1 Qd7
35. Ne2 Ng3 36. Rxg3 R8xg3 37. Qxg3 Rxg3 38. Nxg3 Qg4+ 39. Ne2 Qh3 40. Rg1 Qxe3
41. Rg3 Qf2 0-1

[Event "London Chess Classic FIDE Open"]
[Site "London ENG"]
[Date "2010.12.08"]
[Round "1"]
[White "Getz, Nicolai"]
[Black "Millward, Kevin P"]
[Result "1-0"]
[WhiteElo "2317"]
[BlackElo "1954"]
[WhiteFideId "1505572"]
[BlackFideId "404721"]
[EventDate "2010.12.08"]

1. e4 b6 2. d4 Bb7 3. Nc3 e6 4. Bd3 Nf6 5. Bg5 h6 6. Bh4 Be7 7. Nge2 d6 8. a4 a6
9. O-O Nbd7 10. f4 c5 11. f5 e5 12. dxe5 dxe5 13. Ng3 Qc7 14. Bc4 Rd8 15. Qe2
Nb8 16. Bxf6 Bxf6 17. Nd5 Bxd5 18. Bxd5 Rd6 19. Ra3 a5 20. Nh5 Nc6 21. Rg3 Rg8
22. c3 Ne7 23. Bc4 Nc6 24. Rd1 Ke7 25. Rd5 Rxd5 26. Bxd5 Qd6 27. Qa6 Qc7 28.
Bxc6 Qxc6 29. Qa7+ Ke8 30. Qb8+ Bd8 31. Qxe5+ Be7 32. f6 Qd7 33. Qxe7+ Qxe7 34.
fxe7 Kxe7 1-0

[Event "London Chess Classic FIDE Open"]
[Site "London ENG"]
[Date "2010.12.08"]
[Round "1"]
[White "Boger, Raymond"]
[Black "Eggleston, David J"]
[Result "1/2-1/2"]
[BlackTitle "FM"]
[WhiteElo "1952"]
[BlackElo "2307"]
[WhiteFideId "1507419"]
[BlackFideId "412120"]
[EventDate "2010.12.08"]

1. c4 b6 2. Nc3 Bb7 3. e4 e5 4. g3 Nc6 5. Bg2 Bc5 6. d3 Nge7 7. Nge2 O-O 8. O-O
f5 9. Nd5 Nd4 10. Nxd4 Bxd4 11. Bg5 Bxd5 12. cxd5 Bxb2 13. d6 cxd6 14. Qb3+ Kh8
15. Qxb2 f4 16. gxf4 h6 17. Bxe7 Qxe7 18. f5 g6 19. f4 gxf5 20. fxe5 dxe5 21.
Rxf5 Rxf5 22. exf5 d5 23. Re1 Re8 24. Qb5 Rd8 25. Bxd5 Qh4 26. Kf1 Qxh2 27. Be6
Qf4+ 28. Kg2 1/2-1/2

[Event "London Chess Classic FIDE Open"]
[Site "London ENG"]
[Date "2010.12.08"]
[Round "1"]
[White "Rodriguez Lopez, Rafael"]
[Black "Haria, Ravi"]
[Result "1-0"]
[WhiteTitle "IM"]
[WhiteElo "2305"]
[BlackElo "1952"]
[WhiteFideId "2204495"]
[BlackFideId "415820"]
[EventDate "2010.12.08"]

1. e4 e6 2. d4 d5 3. Nc3 Nf6 4. e5 Nfd7 5. f4 c5 6. Nf3 Nc6 7. Be3 cxd4 8. Nxd4
Bc5 9. Qd2 O-O 10. O-O-O a6 11. Nb3 b6 12. Kb1 Bb7 13. Ne2 Rc8 14. Ned4 Nxd4 15.
Nxd4 b5 16. Qf2 Qb6 17. Bd3 f6 18. Qh4 f5 19. g4 Bxd4 20. Bxd4 Qxd4 21. Bxf5
Qxd1+ 22. Rxd1 exf5 23. Rg1 g6 24. gxf5 Rxf5 25. Qh3 Kh8 26. b3 Nf8 27. Rxg6
Rxe5 28. fxe5 Nxg6 29. Qd7 Nxe5 30. Qxb7 Re8 31. Qxa6 Ng4 32. Qxb5 Re1+ 33. Kb2
Ne3 34. Qb8+ 1-0

[Event "London Chess Classic FIDE Open"]
[Site "London ENG"]
[Date "2010.12.08"]
[Round "1"]
[White "De Lagontrie, Jean"]
[Black "Dukaczewski, Piotr"]
[Result "0-1"]
[BlackTitle "IM"]
[WhiteElo "1948"]
[BlackElo "2297"]
[WhiteFideId "605271"]
[BlackFideId "1103520"]
[EventDate "2010.12.08"]

1. d4 Nf6 2. c4 g6 3. Nc3 Bg7 4. e4 d6 5. f4 O-O 6. Nf3 Na6 7. e5 Nd7 8. Be2 c5
9. exd6 cxd4 10. Nxd4 exd6 11. Ndb5 Qh4+ 12. g3 Qh3 13. Bf1 Re8+ 14. Kf2 Qf5 15.
Be3 Nf6 16. Be2 Nc5 17. Nxd6 Nce4+ 18. Ncxe4 Nxe4+ 19. Nxe4 Qxe4 20. Qd3 Qe7 21.
Rad1 Bf5 22. Qb3 Bxb2 23. Rd2 Ba3 24. Bf3 a5 25. Bd4 Qd6 26. Qb6 Qxb6 27. Bxb6
Bb4 28. Rdd1 Rac8 29. Rc1 Bd3 0-1

[Event "London Chess Classic FIDE Open"]
[Site "London ENG"]
[Date "2010.12.08"]
[Round "1"]
[White "McKerracher, Douglas"]
[Black "Radovanovic, Jovica"]
[Result "0-1"]
[BlackTitle "FM"]
[WhiteElo "1940"]
[BlackElo "2276"]
[WhiteFideId "2401002"]
[BlackFideId "915912"]
[EventDate "2010.12.08"]

1. e4 c5 2. Nc3 g6 3. g3 Bg7 4. Bg2 Nc6 5. d3 d6 6. f4 Rb8 7. Nf3 Bg4 8. h3 Bxf3
9. Qxf3 Nf6 10. O-O Nd4 11. Qd1 O-O 12. Be3 Nd7 13. Qd2 b5 14. Nd1 b4 15. c3
bxc3 16. Nxc3 e6 17. g4 Re8 18. Rab1 h6 19. Kh1 Kh7 20. Ne2 Nxe2 21. Qxe2 a5 22.
Qd2 Rb4 23. Qc2 Qb6 24. b3 Qa7 25. a3 Rbb8 26. b4 axb4 27. axb4 Qa6 28. bxc5
Nxc5 29. Bxc5 Rbc8 30. Qf2 Rxc5 31. f5 Rc7 32. f6 Bf8 33. Qd2 Rec8 34. Rf2 Rc3
35. Bf1 Kg8 36. d4 Qa3 37. Qb2 Rxh3+ 38. Bxh3 Qxh3+ 39. Rh2 Qf3+ 40. Qg2 Qxf6
41. e5 Qg5 42. Qf3 dxe5 43. Rf2 Rc7 44. d5 exd5 45. Qxd5 Qh4+ 46. Rh2 Qxg4 47.
Qxe5 Qf3+ 48. Rg2 Rc5 49. Rb8 Rxe5 0-1

[Event "London Chess Classic FIDE Open"]
[Site "London ENG"]
[Date "2010.12.08"]
[Round "1"]
[White "Ledger, Dave J"]
[Black "Schmitz, Tim"]
[Result "1-0"]
[WhiteTitle "FM"]
[WhiteElo "2261"]
[BlackElo "1934"]
[WhiteFideId "401986"]
[BlackFideId "1270221"]
[EventDate "2010.12.08"]

1. e4 e5 2. f4 exf4 3. Bc4 Nf6 4. Nc3 c6 5. Bb3 d5 6. exd5 cxd5 7. d4 Bd6 8. Nf3
O-O 9. O-O Be6 10. Qd3 Nc6 11. Ng5 Rc8 12. Bxf4 Nb4 13. Qd2 a6 14. Rae1 Qd7 15.
Na4 Rce8 16. Bxd6 Qxd6 17. Nc5 Nc6 18. Nxb7 Qb4 19. Qxb4 Nxb4 20. Nxe6 fxe6 21.
Nc5 a5 22. Ba4 Rc8 23. Rxe6 Ne4 24. Rxf8+ Kxf8 25. a3 Nxc5 26. dxc5 Nxc2 27.
Bxc2 Rxc5 28. Bxh7 Kf7 29. Rb6 1-0

[Event "London Chess Classic FIDE Open"]
[Site "London ENG"]
[Date "2010.12.08"]
[Round "1"]
[White "Malhotra, Tarun"]
[Black "White, Michael J R"]
[Result "0-1"]
[BlackTitle "FM"]
[WhiteElo "1913"]
[BlackElo "2247"]
[WhiteFideId "5020549"]
[BlackFideId "407380"]
[EventDate "2010.12.08"]

1. e4 c5 2. Nf3 Nc6 3. d4 cxd4 4. Nxd4 Nf6 5. Nc3 e5 6. Ndb5 d6 7. Bg5 a6 8. Na3
b5 9. Nd5 Be7 10. Bxf6 Bxf6 11. c4 b4 12. Nc2 a5 13. Be2 O-O 14. O-O Bg5 15. Qd3
Kh8 16. Rad1 f5 17. Nde3 fxe4 18. Qxe4 Bb7 19. Qd3 Bf6 20. Nf5 e4 21. Qxd6 Bxb2
22. Qxd8 Nxd8 23. Nd6 Bc6 24. Nd4 Bxd4 25. Rxd4 Ne6 26. Rd2 Rf6 27. Bg4 Nf4 28.
Rd4 Rg6 29. Bd1 Rxg2+ 30. Kh1 Rxf2 31. Rxf2 e3+ 32. Rf3 e2 33. Bxe2 Nxe2 34. Rd3
Nc1 35. Re3 Rf8 36. Kg2 Rxf3 37. Rxf3 Nxa2 38. Nb5 b3 39. Kg3 Bxf3 40. Kxf3 Kg8
41. c5 Kf7 42. Na3 Nc3 43. Nc4 a4 44. Ke3 b2 45. Nxb2 a3 46. c6 axb2 0-1

[Event "London Chess Classic FIDE Open"]
[Site "London ENG"]
[Date "2010.12.08"]
[Round "1"]
[White "Coleman, David J"]
[Black "Marshall, Michael"]
[Result "1-0"]
[WhiteTitle "CM"]
[WhiteElo "2247"]
[BlackElo "1878"]
[WhiteFideId "402087"]
[BlackFideId "1409956"]
[EventDate "2010.12.08"]

1. e4 c5 2. Nf3 e6 3. d4 cxd4 4. Nxd4 Nc6 5. Nb5 d6 6. c4 Nf6 7. N1c3 a6 8. Na3
Be7 9. Be2 O-O 10. O-O b6 11. Be3 Bb7 12. Qb3 Nd7 13. Rfd1 Qc7 14. Rac1 Nc5 15.
Qc2 Rfd8 16. Qd2 Ne5 17. f3 Rac8 18. Qe1 Rb8 19. Qf2 Nc6 20. Nc2 Bc8 21. b4 Nd7
22. a3 Nce5 23. Nd4 Ng6 24. f4 Nf6 25. Nb3 Bb7 26. Bxb6 Qc6 27. b5 Qe8 28. Bxd8
Bxd8 29. Rxd6 Bxe4 30. Nc5 Ba8 31. Nxa6 Rc8 32. Rcd1 Ba5 33. Na4 Ne4 34. Qe3
Nxd6 35. Rxd6 Qe7 36. Rd1 Nh4 37. Bf1 Nf5 38. Qf2 Qxa3 39. Nb6 Ne3 40. Rd3 Bxb6
41. c5 Ng4 42. Qd4 Bxc5 43. Nxc5 Qa5 44. h3 Nf6 45. Nb3 Qc7 46. b6 Qe7 47. Na5
Nd5 48. Be2 Rb8 49. Rb3 Qd8 50. Nc4 h6 51. Bf3 Bc6 52. Ne5 Ba8 53. Nc4 Bc6 54.
Na5 Bb7 55. Rd3 Kh8 56. Bxd5 Bxd5 57. Nc6 Qxb6 58. Nxb8 Qb1+ 59. Rd1 Qxb8 1-0

[Event "London Chess Classic FIDE Open"]
[Site "London ENG"]
[Date "2010.12.08"]
[Round "1"]
[White "Kane, Robert"]
[Black "Willmoth, Robert F"]
[Result "0-1"]
[WhiteElo "1875"]
[BlackElo "2238"]
[WhiteFideId "420468"]
[BlackFideId "402540"]
[EventDate "2010.12.08"]

1. d4 d6 2. Nf3 Bg4 3. g3 Nf6 4. Bg2 c6 5. c4 Nbd7 6. Nc3 Qa5 7. O-O Qh5 8. Qb3
O-O-O 9. Qa4 Kb8 10. b4 Bh3 11. c5 Nd5 12. Nxd5 cxd5 13. Rd1 Bxg2 14. Kxg2 e5
15. dxe5 Nxe5 16. Rxd5 f6 17. Be3 Qg4 18. Rd4 Qe6 19. b5 d5 20. Rc1 Rc8 21. Rd2
Nc4 22. Bf4+ Ka8 23. Rdc2 Bxc5 24. e3 g5 25. Nd4 Bxd4 0-1

[Event "London Chess Classic FIDE Open"]
[Site "London ENG"]
[Date "2010.12.08"]
[Round "1"]
[White "Tate, Alan"]
[Black "Lappas, Konstantinos"]
[Result "1/2-1/2"]
[WhiteElo "2234"]
[BlackElo "1858"]
[WhiteFideId "2401878"]
[BlackFideId "4275748"]
[EventDate "2010.12.08"]

1. e4 c5 2. Nf3 d6 3. c3 Nf6 4. h3 Nc6 5. d3 g6 6. Be2 Bg7 7. Nbd2 e5 8. O-O O-O
9. Re1 h6 10. Bf1 Nh5 11. Nc4 b5 12. Ne3 Nf4 13. Nd5 Nxd5 14. exd5 Ne7 15. d4
exd4 16. cxd4 Nxd5 17. Bxb5 Rb8 18. Bc4 Nb6 19. Bf1 Be6 20. dxc5 dxc5 21. Bf4
Rb7 1/2-1/2

[Event "London Chess Classic FIDE Open"]
[Site "London ENG"]
[Date "2010.12.08"]
[Round "1"]
[White "Caorlin, Marco"]
[Black "Wallace, Paul"]
[Result "0-1"]
[WhiteElo "1849"]
[BlackElo "2231"]
[WhiteFideId "1317849"]
[BlackFideId "2500892"]
[EventDate "2010.12.08"]

1. e4 e5 2. Nf3 Nc6 3. Bb5 f5 4. Nc3 Nf6 5. exf5 e4 6. Nh4 Nd4 7. O-O Bc5 8. d3
O-O 9. dxe4 d5 10. Bg5 Nxb5 11. Nxb5 c6 12. Nc3 d4 13. Ne2 Re8 14. Qd3 Qe7 15.
Ng3 Qf7 16. Nf3 Bb6 17. e5 Ng4 18. Bf4 c5 19. b3 Rf8 20. Ng5 Bxf5 21. Nxf5 Qxf5
22. Qc4+ Kh8 23. Nh3 Rae8 24. Bg3 Nxe5 25. Bxe5 Rxe5 26. Rae1 Bc7 0-1

[Event "London Chess Classic FIDE Open"]
[Site "London ENG"]
[Date "2010.12.08"]
[Round "1"]
[White "Britton, Richard L"]
[Black "Jones, Chris S"]
[Result "1/2-1/2"]
[WhiteTitle "FM"]
[WhiteElo "2229"]
[BlackElo "1848"]
[WhiteFideId "401692"]
[BlackFideId "414905"]
[EventDate "2010.12.08"]

1. e4 c5 2. Nf3 d6 3. c3 Nf6 4. Be2 Nc6 5. d3 g6 6. O-O Bg7 7. Re1 O-O 8. Bf1
Bg4 9. h3 Bxf3 10. Qxf3 Rc8 11. Bg5 a6 12. Qe3 Qc7 13. Bh6 b5 14. Bxg7 Kxg7 15.
a3 e5 16. Nd2 Qd7 17. g3 Nh5 18. b4 f5 19. exf5 Ne7 20. Ne4 Nxf5 21. Qd2 Nf6 22.
Bg2 Nxe4 23. dxe4 Ne7 24. Red1 Rf6 25. Qe3 c4 26. Rd2 Rcf8 27. f3 Nc8 28. a4
bxa4 29. Rda2 Qa7 30. Qxa7+ Nxa7 31. Rxa4 Nb5 32. Rc1 Nc7 33. Ra2 g5 34. Kf2 h5
35. Ke3 Kg6 36. Rf2 Kh6 37. Bf1 d5 38. exd5 Nxd5+ 39. Ke4 Nb6 40. Ra2 h4 41.
Rxa6 hxg3 42. Be2 Kg7 43. Rd1 g2 44. Ra5 Rf4+ 45. Ke3 Re8 46. Rg1 Rd8 47. Rxg2
Nd5+ 48. Kf2 Kf6 49. Ra6+ Kf5 50. Rg4 Nxc3 51. Bxc4 1/2-1/2

[Event "London Chess Classic FIDE Open"]
[Site "London ENG"]
[Date "2010.12.08"]
[Round "1"]
[White "De Luna Butz, Alberto"]
[Black "Osborne, Marcus E"]
[Result "0-1"]
[WhiteElo "1846"]
[BlackElo "2229"]
[WhiteFideId "2269007"]
[BlackFideId "404608"]
[EventDate "2010.12.08"]

1. d4 d5 2. c4 e6 3. Nc3 Nf6 4. cxd5 exd5 5. Bg5 Bb4 6. a3 Bxc3+ 7. bxc3 h6 8.
Bh4 c5 9. Bxf6 Qxf6 10. g3 Nc6 11. e3 O-O 12. Bg2 Re8 13. Ne2 Bg4 14. O-O Rad8
15. Ra2 cxd4 16. cxd4 Na5 17. Qa4 Qa6 18. Nf4 Bd7 19. Qb4 Bb5 20. Rb1 Bc4 21.
Bf1 Bxf1 22. Rxf1 Rd6 23. Rb1 Rc8 24. Kg2 Rb6 25. Qe1 Rxb1 26. Qxb1 Qc4 27. Rb2
Rc6 28. Rb4 Qa6 29. Nxd5 Rd6 30. e4 Qe2 31. Nf4 Qd2 32. d5 Qc3 33. Qd3 Qe5 34.
Qd4 Qe8 35. Qxa7 b6 36. Qa6 g5 37. Ne2 h5 38. Qd3 h4 39. g4 Nc6 40. Qb5 Qc8 41.
Qxb6 Qxg4+ 42. Kf1 h3 43. Rc4 Ne5 44. Qb8+ Kg7 45. Rc8 Qd7 46. Rg8+ Kf6 47. Ng3
Nc4 48. Nh5+ Ke5 49. Re8+ Kd4 50. Ng3 Rb6 51. Ne2+ Kd3 52. Qg3+ Kc2 53. Qc3+ Kb1
54. Qc1+ Ka2 55. Nc3+ 0-1

[Event "London Chess Classic FIDE Open"]
[Site "London ENG"]
[Date "2010.12.08"]
[Round "1"]
[White "Anderton, Matthew N"]
[Black "Cork, David J"]
[Result "1-0"]
[WhiteElo "2227"]
[BlackElo "1841"]
[WhiteFideId "403237"]
[BlackFideId "409723"]
[EventDate "2010.12.08"]

1. e4 c5 2. c3 d5 3. exd5 Qxd5 4. d4 Nf6 5. Nf3 Bg4 6. Be2 e6 7. h3 Bh5 8. O-O
Nc6 9. Be3 cxd4 10. Nxd4 Bxe2 11. Qxe2 Be7 12. Rd1 Nxd4 13. Bxd4 Qh5 14. Qc2 O-O
15. Re1 Nd5 16. Nd2 Qg6 17. Qxg6 hxg6 18. Nc4 Bf6 19. Ne5 Rfd8 20. Rad1 Nb6 21.
b3 Rd6 22. a4 Rad8 23. a5 Bxe5 24. Rxe5 f6 25. Rb5 Nc8 26. Rxb7 e5 27. Rc1 exd4
28. cxd4 Rxd4 29. Rcc7 Kh7 30. Rb8 Rd1+ 31. Kh2 Nb6 32. Rxd8 Rxd8 33. axb6 axb6
34. Rc6 b5 35. Rc5 b4 36. Rc4 Rb8 37. Kg3 g5 38. Kf3 Kg6 39. h4 gxh4 40. Rxh4
Kf5 41. Re4 g5 42. g4+ Kg6 43. Ke3 Rb5 44. Kd4 f5 45. Re6+ Kf7 46. Re5 Rb8 47.
Rxf5+ Kg6 48. Kc5 Rb7 49. f4 gxf4 50. Rxf4 Kg5 51. Rxb4 Rc7+ 52. Kd6 Rc3 53. Rb7
Kxg4 54. b4 Kf5 55. Re7 Kf6 56. Re2 Rd3+ 57. Kc5 Rc3+ 58. Kb6 Rc1 59. b5 Rc3 60.
Kb7 Rc4 61. b6 Rc3 62. Kb8 Rc4 63. b7 Rc3 64. Ra2 1-0

[Event "London Chess Classic FIDE Open"]
[Site "London ENG"]
[Date "2010.12.08"]
[Round "1"]
[White "Haydon, David L"]
[Black "Bishop, Geoffrey L"]
[Result "1-0"]
[WhiteElo "2218"]
[BlackElo "1800"]
[WhiteFideId "415405"]
[BlackFideId "417491"]
[EventDate "2010.12.08"]

1. e4 c5 2. Nf3 d6 3. d4 cxd4 4. Nxd4 Nf6 5. Bb5+ Bd7 6. Bxd7+ Qxd7 7. Nc3 Nc6
8. O-O e6 9. Nb3 Be7 10. Qe2 O-O 11. Rd1 Rac8 12. Bf4 e5 13. Bg5 h6 14. Bxf6
Bxf6 15. Nd5 Bg5 16. c3 Ne7 17. Rd3 Nxd5 18. Rxd5 Qc6 19. Rad1 Rfd8 20. g3 Be7
21. Nd2 Qa4 22. a3 Qc2 23. Rb1 Bg5 24. Qd1 Qxd1+ 25. Rxd1 Rc5 26. Nb3 Rxd5 27.
Rxd5 b6 28. Kf1 Kf8 29. a4 Ke7 30. h4 Bf6 31. Nd2 Ke6 32. Nc4 Be7 33. a5 f5 34.
f3 Rb8 35. Rb5 Bd8 36. exf5+ Kxf5 37. Nxd6+ Ke6 38. Ne4 Bc7 39. a6 Rd8 40. Ke2
Rd5 41. c4 Rxb5 42. cxb5 Kd5 43. Kd3 Bd8 44. b4 Be7 45. Nc3+ Ke6 46. Kc4 g5 47.
h5 g4 48. fxg4 Bg5 49. Ne4 Be3 50. g5 hxg5 51. g4 Bf4 52. h6 Kf7 53. Kd5 Kg6 54.
Kc6 1-0